Online
Catalog

Manual de historia del derecho Español en las Indias y del Derecho propiamente indiano / (Record no. 32769)

MARC details
000 -CABECERA
campo de control de longitud fija 00816nam a2200193 a 4500
001 - NÚMERO DE CONTROL
campo de control 000033278
005 - FECHA Y HORA DE LA ÚLTIMA TRANSACCIÓN
campo de control 20200930070139.0
008 - DATOS DE LONGITUD FIJA--INFORMACIÓN GENERAL
campo de control de longitud fija 110823s1943 dr 000 0 spa d
040 ## - FUENTE DE LA CATALOGACIÓN
Centro catalogador/agencia de origen DO-SdBNP
Lengua de catalogación spa
Centro/agencia transcriptor BNPHU
049 ## - FONDOS LOCALES (OCLC)
Fondos de biblioteca BNPD
100 1# - ENTRADA PRINCIPAL--NOMBRE DE PERSONA
Nombre de persona Ots Capdequí, José María
9 (RLIN) 58887
245 10 - MENCIÓN DE TÍTULO
Título Manual de historia del derecho Español en las Indias y del Derecho propiamente indiano /
Mención de responsabilidad, etc. José María Ots Capdequí, ; Prólogo de Ricardo Levene.
260 ## - PUBLICACIÓN, DISTRIBUCIÓN, ETC.
Lugar de publicación, distribución, etc. Buenos Aires :
Nombre del editor, distribuidor, etc. Facultad de Derecho y Ciencias Sociales
-- Instituto de Historia del Derecho Argentino,
Fecha de publicación, distribución, etc. 1943.
300 ## - DESCRIPCIÓN FÍSICA
Extensión v. ;
Dimensiones 23 cm.
490 1# - MENCIÓN DE SERIE
Mención de serie Estudios para la Historia del Derecho Argentino
Designación de volumen o secuencia 3
500 ## - NOTA GENERAL
Nota general La biblioteca posee v. 1
700 1# - PUNTO DE ACCESO ADICIONAL--NOMBRE DE PERSONA
Nombre de persona Levene, Ricardo
-- pról.
9 (RLIN) 58888
830 #0 - PUNTO DE ACCESO ADICIONAL DE SERIE-TÍTULO UNIFORME
Título uniforme Estudios para la Historia del Derecho Argentino
-- 3
9 (RLIN) 58889
Holdings
Estado de retiro Estado de pérdida Restricciones de uso No para préstamo Código de colección Localización permanente Ubicación/localización actual Ubicación en estantería Fecha de adquisición Número de inventario Total de préstamos Signatura topográfica completa Código de barras Fecha visto por última vez Precio válido a partir de Tipo de ítem Koha
      Excluido de préstamo Raros y valiosos Patrimonio Dominicano Patrimonio Dominicano En catalogación 23.08.2011 LF1   v. 2 33278-10 25.06.2020 25.06.2020 No se presta
      Excluido de préstamo Raros y valiosos Patrimonio Dominicano Patrimonio Dominicano En catalogación 23.08.2011 LF1   v. 1 33278-20 25.06.2020 25.06.2020 No se presta

Powered by Koha